Leonardo DiCaprio Movies by Picture (Click) - Statistics

General Stats
  • This quiz has been taken 401 times
  • The average score is 13 of 25
Answer Stats
Hint Answer % Correct
The Great Gatsby
82%
The Wolf of Wall Street
80%
The Revenant
80%
Titanic
78%
The Basketball Diaries
76%
Catch Me If You Can
76%
Django Unchained
74%
The Beach
65%
Shutter Island
64%
William Shakespeare's Romeo + Juliet
59%
Once Upon a Time… in Hollywood
55%
Gangs of New York
51%
Don't Look Up
51%
The Departed
49%
The Aviator
49%
The Man in the Iron Mask
48%
J. Edgar
47%
Inception
44%
Killers of the Flower Moon
34%
Blood Diamond
26%
The Quick and the Dead
20%
Revolutionary Road
20%
Total Eclipse
17%
Body of Lies
17%
Don's Plum
12%
No matching quizzes found
Score Distribution
Percent of People with Each Score
Percentile by Number Answered
Your Score History
You have not taken this quiz